000 00532 a2200181 4500
001 142486
040 _cLeonardo Da Vinci
041 _aPortuguês
082 _av224
100 _aEDUCACIONAL SHOP VIDEO
245 _aTake a look (Dê uma olhada)
_bpara crianças de 7 a 10 anos
250 _av.3-4
260 _bESV
_aSão Paulo
490 _aTV Ontario
520 _aAjuda a criança a descobrir o papel da ciência em sua vida
697 _aCiências
_aLua
_aRochas
_aFósseis
_aVento
_aChuva
_aEnergia
_aInfantil
942 _cVM
999 _c142486
_d142486